00271pam a2200109 a 4500020000500000041000500005082001300010100001800023245006800041260004100109300001100150 c h a630bMAH aMahajan, V.S. aGrowth Of Agricultures And Industry In IndiahTextual Documents aNew DelhibDeep And Deep Publication a176/CB